Science Quiz

Random Science or Animal Quiz

Male/Female Animal Terms Quiz Stats

 Plays Quiz Updated Oct 22, 2018

Score 0/22 Timer 05:00
1 Play Today
Sex Name % Correct
MaleCock
90.4%
FemaleBitch
87.5%
FemaleDoe
86.4%
FemaleHen
86.3%
FemaleDoe
85.6%
MaleBuck
82.6%
MaleBilly
76.6%
FemaleMare
69.6%
FemaleMare
68.6%
MaleBuck
67.2%
FemaleEwe
62.7%
Sex Name % Correct
FemaleSow
61.9%
FemaleSow
61.8%
MaleGander
58.3%
MaleStallion
46.8%
MaleBoar
46.6%
MaleBoar
46.4%
MaleBull
38.4%
MaleGobbler
34.9%
FemaleCow
27.8%
MaleJack
12.2%
FemaleJill
10.7%

You're not logged in!

Compare scores with friends on all Sporcle quizzes.
OR
Log In

Sporcle TV

Today on Sporcle TV


Watch our educational content, quiz creation guides, and fun videos on Sporcle TV.

Show Comments

Extras

Top Quizzes Today


Score Distribution

Your Account Isn't Verified!

In order to create a playlist on Sporcle, you need to verify the email address you used during registration. Go to your Sporcle Settings to finish the process.

Report this User

Report this user for behavior that violates our Community Guidelines.

Details: